400 façades étonnantes à Bruxelles

Saved in:
Bibliographic Details
Main Authors: Pange, Isabelle de (auteur), Praet-Schaack, Cécile van (Author)
Format: Book
Language:French
Published: Bruselas Aparté 2003
Subjects:
Tags: Add Tag
No Tags, Be the first to tag this record!

MARC

LEADER 00000nam a2200000 a 4500
001 UCI7698
003 CL-VaPUC
008 080718e20030000BE |||||||||||||||||fre|d
020 |a 2930327081 
082 0 4 |a 728.1  |b PAN  |2 21 
100 |a Pange, Isabelle de  |e auteur  |9 530980 
700 0 |a Praet-Schaack, Cécile van  |e author  |9 530981 
245 1 0 |a 400 façades étonnantes à Bruxelles 
300 |a 239 p 
942 |c BK 
945 |d 20080718 00:00:00  |a jtorresc 
260 |a Bruselas  |b Aparté  |c 2003 
650 0 |a Viviendas   |9 255326 
650 0 |a Arquitectura  |9 804558 
650 0 |a Planos arquitectónicos  |9 268148 
651 7 |a BELGICA  |2 CL-VaPUC  |9 315122 
583 |a last modification  |c 20080718 00:00:00  |k Rodrigo Vera 
999 |c 330883  |d 330881 
952 |0 0  |1 0  |4 0  |6 728_100000000000000_PAN_2003  |7 0  |8 A  |9 416796  |a BIBARQ  |b BIBARQ  |d 2019-11-22  |i 4457951  |o 728.1 PAN 2003  |p 4457951  |r 2025-01-20  |w 2019-11-22  |y BK  |k ARQ